Statistics for South Park Characters

Click here to take the quiz!

General Stats

  • This quiz has been taken 1,135 times
  • The average score is 33 of 90

Answer Stats

Answer% Correct
Eric Cartman
100%
Kyle Broflovski
100%
Kenny McCormick
99%
Stan Marsh
99%
Randy Marsh
94%
Leopold 'Butters' Stotch
93%
Wendy Testaburger
91%
Token Black
88%
Mr. Garrison
86%
Bebe Stevens
84%
Chef
84%
Craig Tucker
83%
Ike Broflovski
82%
Clyde Donovan
81%
Sharon Marsh
78%
Sheila Broflovski
78%
Timmy Burch
77%
Jimmy Valmer
76%
Gerald Broflovski
74%
Shelly Marsh
73%
Tweek Tweak
73%
Mr. Mackey
72%
Jimbo Kern
66%
Ned Gerblansky
61%
Jesus
55%
Satan
54%
Officer Barbrady
52%
Mr. Slave
51%
Towelie
51%
Mr. Hat
50%
Big Gay Al
48%
Scott
46%
Mr. Hankey
45%
Principal Victoria
42%
Phillip
40%
Karen McCormick
38%
Mayor McDaniels
37%
Pip Pirrup
37%
Terrence
35%
Liane Cartman
33%
Linda Stotch
29%
Saddam Hussein
28%
Mrs. Choksondik
27%
Santa Claus
27%
God
24%
Red
24%
Kevin Stoley
23%
Stephen Stoch
21%
Al Gore
20%
Heidi Turner
20%
Stuart McCormack
20%
Marvin Marsh
18%
Michael
18%
Carol McCormack
17%
Dr. Alphonse Mephesto
16%
Mrs. Crabtree
15%
Pete
15%
Mr. Twig
13%
Sparky
13%
Tuong Lu Kim
13%
Mr. Kitty
12%
Dog Poo Petuski
11%
Father Maxi
11%
Bill Allen
10%
Firkle
10%
Sergeant Harrison Yates
10%
Skeeter
10%
Annie Faulk
9%
Henrietta Biggle
9%
Jason
9%
Moses
9%
Bradley Biggle
8%
Dougie
8%
Ugly Bob
8%
Mr. Adler
5%
Thomas McElroy
5%
Lola
4%
Sally Darson
4%
Filmore Anderson
3%
Loogie
3%
Darryl Weathers
2%
Fosse McDonald
2%
Francis
2%
Joseph Smith
2%
Nurse Gollum
2%
Gordon Stoltski
1%
Leroy Jenkins
1%
Mechanic
1%
Ms. Claridge
1%
Nellie McElroy
1%

Score Distribution

Percentile by Number Answered

Percent of People with Each Score

Your Score History

You have not taken this quiz